000 003050000a22001450004500
003 MACL
040 _aMACL
090 _c5742
_d5741
100 _aSatprem
245 _aThe Mind Of The Cells
260 _bInstitute Of Evolutionary Research
350 _a48
650 _aPhilisophy
942 _cBOOK
_k128.2
999 _c5699
_d5699